[Event "BL 2016-17"]
[Site "Jenbach"]
[Date "2017.04.22"]
[Round "11"]
[White "Banusz, Tamas"]
[Black "Zilka, Stepan"]
[Result "1-0"]
[WhiteElo "2609"]
[BlackElo "2524"]
[Annotator "TA"]
[PlyCount "53"]
[EventDate "2017.??.??"]
[EventCountry "AUT"]
[SourceTitle "playchess.com"]
[Source "ChessBase"]
[SourceQuality "1"]
[WhiteTeam "Wien-SK Ottakring"]
[BlackTeam "Nickelsdorf"]

{[%evp 24,53,16,3,16,0,57,52,52,52,53,52,71,58,55,59,204,205,311,303,288,317,295,299,481,481,481,408,661,600,712,704]} 1. Nf3 d5 2. g3 Nf6 3. Bg2 e6 4. c4 d4 5. e3 c5 6. exd4 cxd4 7. O-O Nc6 8. d3 Bd6 {A13: English Opening: 1...e6} 9. a3 a5 10. Bg5 h6 11. Bxf6 Qxf6 12. Nbd2 Qd8 13. Rc1 {LiveBook: 9 Games} O-O 14. Re1 e5 (14... Bd7 $11) 15. c5 $14 Bc7 16. Nc4 {[%cal Rf3e5]} Re8 $146 17. Nfd2 {[%cal Bf3d2,Bd2e4,Be4d6][%mdl 32]} Be6 18. Ne4 Bxc4 19. Rxc4 f5 ({Better is} 19... Kh8 $14) 20. Qb3 {[#] aiming for Rxd4+.} (20. Nd2 Qd7 $14) 20... Kh7 (20... Qc8 $142) 21. Qxb7 $18 Ne7 22. Nd6 Rb8 23. Qa6 Rxb2 $2 (23... Rf8 24. b4 (24. Rxe5 Rxb2 25. Rc1 f4 26. Be4+ Kh8 $18) 24... axb4 25. axb4 (25. Rxb4 Rf6 26. Rxe5 Bxd6 27. cxd6 Rxd6 $18) 25... Rf6 26. Rxe5 Bxd6 27. cxd6 Rxd6) 24. Nxe8 Qxe8 25. Qe6 Rd2 (25... Rb8 $142 26. f4 Ng8 27. Qxf5+ g6) 26. Bh3 Qf8 {[#]} 27. Rxd4 $1 {[%mdl 512]} 1-0

[Event "BL 2016-17"]
[Site "Germany"]
[Date "2017.04.08"]
[Round "11"]
[White "Baramidze, David"]
[Black "Richter, Wolfgang"]
[Result "1/2-1/2"]
[WhiteElo "2609"]
[BlackElo "2387"]
[Annotator "TA"]
[PlyCount "99"]
[EventDate "2017.??.??"]
[EventType "team-tourn"]
[EventCountry "GER"]
[SourceTitle "playchess.com"]
[Source "ChessBase"]
[SourceQuality "1"]
[WhiteTeam "Hockenheim"]
[BlackTeam "Bayern München"]

{[%evp 14,99,37,25,25,23,26,42,27,37,42,38,73,59,62,41,61,58,98,108,118,111,191,105,131,107,99,82,83,81,217,202,239,240,234,240,240,240,240,240,237,231,218,132,119,133,109,88,159,114,121,118,158,45,95,-12,-12,-10,-8,-8,14,14,38,14,14,14,25,25,29,21,23,25,39,33,55,22,52,50,52,42,318,291,251,8,11,0,0,0]} 1. Nf3 f5 2. g3 Nf6 3. Bg2 d6 4. d4 g6 5. O-O Bg7 6. Nbd2 Nc6 7. c3 O-O 8. Re1 d5 {A81: Dutch Defence: 2 g3} 9. c4 dxc4 $146 (9... e6 10. b3 Ne4 11. Bb2 b6 12. a3 Bb7 13. Rc1 a5 14. e3 Qe7 15. Rc2 Rac8 {½-½ (38) Wirig,A (2495)-Nijboer,F (2530) Belgium 2014}) 10. Nxc4 Be6 {White is slightly better.} 11. b3 Ne4 12. Bb2 b5 13. Ncd2 Bd5 14. Rc1 Qd6 15. e3 Rad8 16. Qe2 a6 17. Red1 e5 (17... e6 $16) 18. dxe5 (18. Nxe5 $18 {Black must now prevent Nxe4.} Nxe5 19. dxe5 Bxe5 20. Nxe4 fxe4 21. Bxe4 $1 {[%mdl 512]}) 18... Qe7 $16 {[%cal Rc6e5]} 19. Nxe4 Bxe4 20. e6 Bxb2 21. Qxb2 Qxe6 (21... Rxd1+ $16 22. Rxd1 Rd8 23. Rxd8+ Nxd8) 22. Rxd8 $1 $18 Rxd8 23. Ng5 Qe5 24. Qxe5 Nxe5 25. Nxe4 fxe4 26. Bxe4 {[%mdl 4096] Endgame KRB-KRN} Rd2 27. Rxc7 Rxa2 28. Re7 Ng4 29. Bd5+ Kh8 30. Rf7 (30. f3 $5 {is more complex.} Nf2 31. f4 Rb2 32. Kg2 Nd1+ 33. Kh3) 30... Ra1+ 31. Kg2 Ra2 {...Nxe3+ is the strong threat.} 32. e4 Ne5 33. Rf4 (33. Re7 $16 Ng4 34. Kf3 Nxh2+ 35. Ke3 (35. Kg2 Ng4 $14)) 33... Kg7 34. h4 (34. g4 $1 $16) 34... h5 $1 $11 35. Kf1 Rc2 36. f3 Rc1+ 37. Ke2 Rg1 38. Ke3 Rd1 $1 ({Wrong is} 38... Rxg3 $2 39. Kf2 g5 40. Rf5 (40. Kxg3 gxf4+ 41. Kxf4 Kf6 $18) 40... gxh4 41. Rxe5 $18) 39. g4 Rd3+ 40. Ke2 {Threatens to win with gxh5.} hxg4 41. fxg4 {Strongly threatening Rf7+!} Rh3 42. g5 a5 43. Rf6 a4 44. bxa4 bxa4 45. Re6 Nd3 46. Re7+ Kf8 $2 {[%mdl 8192]} (46... Kh8 $1 $14) 47. Rf7+ $18 Ke8 {[#]} 48. Kd2 $2 (48. h5 $1 $18 {[%cal Rh5g6][%mdl 512]} Ne5 (48... gxh5 49. g6) 49. Rf6 (49. Ra7 Rxh5 50. Ke3 Kf8 $14) 49... Rh2+ 50. Kf1 gxh5 51. Re6+ Kf8 52. Rxe5) 48... Nb4 $11 {aiming for ...Rh2+.} 49. Ra7 {And now Bf7+ would win.} Nxd5 50. exd5 1/2-1/2

[Event "BL 2016-17"]
[Site "Germany"]
[Date "2017.04.08"]
[Round "11"]
[White "Saric, Ivan"]
[Black "Lindgren, Philip"]
[Result "1-0"]
[WhiteElo "2609"]
[BlackElo "2421"]
[Annotator "TA"]
[PlyCount "87"]
[EventDate "2017.??.??"]
[EventType "team-tourn"]
[EventCountry "GER"]
[SourceTitle "playchess.com"]
[Source "ChessBase"]
[SourceQuality "1"]
[WhiteTeam "Hockenheim"]
[BlackTeam "Bayern München"]

{[%evp 29,87,16,21,16,16,21,9,-18,-10,-25,-6,0,13,12,8,4,8,9,10,16,32,8,13,18,14,20,53,56,64,62,49,53,81,92,121,122,132,102,246,229,251,185,303,297,305,300,314,310,312,301,294,285,376,381,407,404,452,436,398,397]} 1. e4 e5 2. Nf3 Nc6 3. Bb5 a6 4. Ba4 Nf6 5. O-O Be7 6. Re1 b5 7. Bb3 d6 8. c3 O-O 9. h3 Bb7 10. d4 Nd7 11. Nbd2 {[%cal Bb1d2,Bd2f1,Bf1g3,Bg3h5][%mdl 32]} Bf6 12. Nf1 exd4 {C92: Closed Ruy Lopez: 9...Be6, Karpov and Flohr-Zaitsev Variations} 13. cxd4 Na5 14. Bc2 Re8 15. Qd3 (15. Rb1 c5 16. d5 Nc4 17. b3 Nce5 18. N3h2 Ng6 19. Ne3 {1-0 (54) Anand,V (2776)-Mamedyarov,S (2761) Moscow 2016}) 15... Nf8 {LiveBook: 3 Games} 16. Ng3 $146 (16. a4 b4 17. Ng3 g6 18. Rb1 c5 19. d5 {½-½ (48) Saric,I (2660)-Svetushkin,D (2544) Achaea 2016}) 16... c5 17. Nh5 Nc6 {[%cal Rf6d4]} 18. dxc5 Nb4 19. Qb3 dxc5 20. Bb1 a5 21. Nxf6+ Qxf6 22. Qc3 (22. a4 $5 {feels hotter.} c4 23. Qe3 Nd3 24. Bxd3 cxd3 25. e5) 22... Qxc3 23. bxc3 Nc6 24. Be3 Ne6 25. Nd2 b4 26. Rc1 Ba6 27. cxb4 Nxb4 28. a3 Nd3 29. Bxd3 Bxd3 30. f3 Nd4 31. Kf2 ({Inferior is} 31. Rxc5 Nc2 32. Rxc2 Bxc2 $17) 31... f5 32. Rxc5 Nc2 33. Rc1 Rec8 (33... Rac8 $16) 34. Rxf5 $18 ({Don't play} 34. exf5 $6 Rxc5 35. Bxc5 Rc8) 34... Rc3 35. Rc5 Rxa3 (35... Rxc5 $142 36. Bxc5 Rb8) 36. R1xc2 Bxc2 37. Rxc2 a4 38. Ke2 Ra1 39. Bd4 Rh1 40. Nf1 a3 41. Ra2 Ra5 42. Be3 g5 43. Bd2 Ra6 44. Bc1 1-0

[Event "BL 2016-17"]
[Site "Germany"]
[Date "2017.04.08"]
[Round "11"]
[White "Parligras, Mircea-Emilian"]
[Black "Landa, Konstantin"]
[Result "1-0"]
[WhiteElo "2605"]
[BlackElo "2617"]
[Annotator "TA"]
[PlyCount "155"]
[EventDate "2017.??.??"]
[EventType "team-tourn"]
[EventCountry "GER"]
[SourceTitle "playchess.com"]
[Source "ChessBase"]
[SourceQuality "1"]
[WhiteTeam "SG Trier"]
[BlackTeam "Mülheim Nord"]

{[%evp 19,155,16,8,4,1,-22,-31,-29,-8,-22,-12,-11,-25,-13,0,0,0,0,0,0,0,0,0,0,0,0,18,0,41,43,47,52,40,1,1,0,40,34,51,0,49,52,57,52,84,53,49,37,68,5,1,0,6,0,0,0,16,20,140,144,155,152,139,142,196,187,202,179,178,178,191,199,235,218,238,222,227,213,228,227,250,247,252,204,209,194,202,198,186,172,220,233,225,229,199,202,491,144,144,144,145,145,145,142,179,177,175,175,164,143,135,71,72,77,161,69,172,172,308,300,289,279,323,311,480,411,391,377,6297,6184,5767,5522,5887,5393,4631,4614,1559,1409]} 1. d4 d5 2. c4 e6 3. Nf3 Nf6 4. Nc3 Be7 5. Bf4 O-O 6. a3 {D37: Queen's Gambit Declined: 5 Bf4} b6 7. e3 c5 8. dxc5 bxc5 9. Be2 Bb7 10. O-O Nbd7 {LiveBook: 6 Games} 11. Qc2 $146 (11. cxd5 Nxd5 12. Nxd5 exd5 13. Qc2 Qb6 {0-1 (37) Smirin,I (2655)-Radjabov,T (2738) Baku 2015}) 11... Nh5 12. Bg3 Nxg3 13. hxg3 Nf6 14. Rfd1 Qb6 15. cxd5 exd5 16. Na4 Qc6 17. Ne5 Qd6 18. Nd3 {[%cal Ra4c5]} Rac8 19. Bf3 Rfd8 20. Rac1 {[%cal Ra4c5]} c4 21. Nf4 Qe5 22. Nc3 Ba8 23. Rd2 d4 (23... g5 $5 24. Nh5 $8 Nxh5 25. Bxh5 f5 $11) 24. exd4 Rxd4 25. Rxd4 Qxd4 26. Qf5 Rc5 27. Qc2 Rc8 28. Rd1 Qe5 29. Qa4 (29. Bxa8 $14 Rxa8 30. Ncd5) 29... Bxf3 30. gxf3 Bc5 31. Kg2 Bb6 32. Rd2 h6 ({Don't go for} 32... Qe1 $2 33. Re2 (33. Qd1 Qxd1 34. Rxd1 Kf8 $11) 33... Qc1 34. Ncd5 $18) 33. Qa6 Qc5 34. Qb7 (34. Na4 $14 Qc7 35. Nxb6 axb6 36. Nd5 Nxd5 37. Rxd5) 34... Rc7 $11 35. Qb8+ Rc8 $132 {[%mdl 2048] Black is not keeping still (4)} 36. Qb7 Rc7 37. Qb8+ Rc8 38. Qd6 Qf5 (38... Qxd6 $11 {keeps the balance.} 39. Rxd6 Bc5) 39. Nfd5 Nxd5 40. Nxd5 Bd8 41. Qa6 Kh7 (41... Bg5 $16) 42. Qxa7 $18 Bg5 43. f4 Bd8 44. Qd4 Qg6 45. Qe5 Qe6 46. Rc2 Qg6 47. Re2 Rc6 48. f5 Qd6 49. Qxd6 $1 Rxd6 {[%mdl 4096] Endgame KRB-KRN} 50. Ne3 c3 51. bxc3 Ra6 52. Ra2 Ra4 53. Kf3 h5 54. c4 Be7 55. Ke4 Kh6 56. Kd5 Ra5+ 57. Kc6 Bxa3 $2 (57... Bc5 58. Nd1 Kg5) 58. Nc2 $2 (58. Kb7 $18 {has better winning chances.}) 58... Rc5+ $16 59. Kb6 Rxc4 60. Nxa3 {KRN-KR} Ra4 61. Kb5 Ra7 62. Kb4 {aiming for f4.} Kg5 63. Rd2 Kxf5 64. Nb5 Re7 65. Kc4 (65. f3 $142) 65... Kg4 66. Nd4 {Threatens to win with Nc6.} g6 (66... g5 $16 {keeps fighting.} 67. Rd1 (67. f3+ Kh3 $16) 67... Ra7) 67. Nc6 (67. Kd3 $1 $18) 67... Re1 (67... Re8 $14) 68. Kd5 $18 {Black must now prevent Ne5+.} f6 (68... Kf5 {might work better.} 69. Nd4+ Kg4) 69. Rd4+ $1 Kh3 70. Rf4 $1 g5 71. Rxf6 h4 {[#]} (71... Re8 $142 72. Rf5 Kg4) 72. gxh4 $1 gxh4 73. Ne5 Kg2 $2 {[#]} (73... Re2 74. Nd3 Kg4 75. Rf4+ Kg5) 74. Rg6+ $1 {White is clearly winning.} Kf1 75. f4 h3 76. Ng4 Rd1+ 77. Ke4 Ke2 78. Rh6 1-0

[Event "BL 2016-17"]
[Site "Germany"]
[Date "2017.04.08"]
[Round "11"]
[White "Fridman, Daniel"]
[Black "Lupulescu, Constantin"]
[Result "1/2-1/2"]
[WhiteElo "2598"]
[BlackElo "2616"]
[Annotator "TA"]
[PlyCount "40"]
[EventDate "2017.??.??"]
[EventType "team-tourn"]
[EventCountry "GER"]
[SourceTitle "playchess.com"]
[Source "ChessBase"]
[SourceQuality "1"]
[WhiteTeam "Mülheim Nord"]
[BlackTeam "SG Trier"]

{[%evp 17,40,4,4,0,0,6,0,0,0,-12,0,0,8,0,0,0,0,0,0,0,0,-12,0,0,10]} 1. d4 Nf6 2. Nf3 d5 3. c4 e6 4. Nc3 a6 5. cxd5 exd5 6. Bg5 {D37: Queen's Gambit Declined: 5 Bf4} Be6 7. e3 Nbd7 8. Bd3 Bd6 9. Bh4 h6 {LiveBook: 8 Games. The position is equal.} 10. Bg3 $146 (10. O-O O-O 11. Rc1 Re8 12. Qc2 c6 13. a3 Qb8 {½-½ (24) Bu,X (2705)-Riazantsev,A (2671) Doha 2016}) 10... Bxg3 11. hxg3 O-O 12. Qc2 Qe7 13. Rd1 c6 14. O-O Rfe8 15. Rfe1 Bg4 16. Qb3 Rab8 17. Rc1 Qd6 18. Qc2 Re7 19. Nh2 Be6 20. a3 h5 1/2-1/2

[Event "BL 2016-17"]
[Site "Germany"]
[Date "2017.04.08"]
[Round "11"]
[White "Cornette, Matthieu"]
[Black "Kempinski, Robert"]
[Result "1/2-1/2"]
[WhiteElo "2590"]
[BlackElo "2594"]
[Annotator "TA"]
[PlyCount "53"]
[EventDate "2017.??.??"]
[EventType "team-tourn"]
[EventCountry "GER"]
[SourceTitle "playchess.com"]
[Source "ChessBase"]
[SourceQuality "1"]
[WhiteTeam "Schwäbisch Hall"]
[BlackTeam "Hamburger SK"]

{[%evp 10,53,71,65,61,44,45,52,45,50,73,74,89,70,106,113,90,78,81,60,87,80,77,51,63,52,60,48,51,38,46,31,34,45,37,43,33,34,39,12,21,14,21,13,14,0]} 1. e4 d6 2. d4 Nf6 3. Nc3 g6 4. Bg5 h6 5. Be3 Bg7 6. h3 {LiveBook: 7 Games. B07: Pirc Defence: Miscellaneous Systems} a6 (6... Nbd7 7. g4 c5 8. e5 dxe5 9. dxe5 Nxe5 10. Qxd8+ Kxd8 11. O-O-O+ Bd7 12. f4 Nc6 13. Bxc5 h5 {1-0 (22) Vallejo Pons,F (2716)-Maiwald,J (2459) Germany 2012}) 7. e5 dxe5 $146 (7... Nfd7 8. e6 fxe6 9. Bd3 Nf8 10. Qg4 Kf7 11. O-O-O Nbd7 12. Nge2 Nf6 13. Qf3 Rb8 {½-½ (24) Shutzman,J (2187)-Tseitlin,M (2472) Tel Aviv 2002}) 8. dxe5 {White is slightly better.} Qxd1+ $1 9. Rxd1 Nfd7 {[#]} 10. f4 $1 b6 11. g3 Nc6 {[#]} 12. Nd5 $1 {[%cal Rd5c7]} Ra7 13. Rh2 e6 14. Nc3 Ke7 15. Rhd2 Rd8 16. a4 Bb7 17. Nge2 Raa8 18. Bg2 Rab8 19. Kf2 f6 20. exf6+ Nxf6 21. Nd4 Nxd4 $1 22. Bxd4 Bxg2 23. Kxg2 Ne8 24. Bxg7 Rxd2+ {The position is equal.} 25. Rxd2 Nxg7 26. Ne2 Nf5 27. Nd4 1/2-1/2

[Event "BL 2016-17"]
[Site "Jenbach"]
[Date "2017.04.22"]
[Round "11"]
[White "Danin, Alexandre"]
[Black "Rozentalis, Eduardas"]
[Result "1/2-1/2"]
[WhiteElo "2584"]
[BlackElo "2548"]
[Annotator "TA"]
[PlyCount "39"]
[EventDate "2017.??.??"]
[EventCountry "AUT"]
[SourceTitle "playchess.com"]
[Source "ChessBase"]
[SourceQuality "1"]
[WhiteTeam "Feffernitz"]
[BlackTeam "Hohenems"]

{[%evp 10,39,16,29,35,39,47,45,37,32,61,50,60,60,58,0,0,0,0,0,0,0,0,0,0,0,64,0,0,0,79,0]} 1. e4 e5 2. Nf3 Nf6 3. Nxe5 d6 4. Nf3 Nxe4 5. c4 Be7 6. d4 {LiveBook: 109 Games} h6 $146 {C42: Petroff Defence: 3 Nxe5 and unusual White 3rd moves} (6... O-O 7. Bd3 d5 8. O-O Nf6 9. Nc3 dxc4 10. Bxc4 Bg4 11. h3 Bxf3 12. Qxf3 Nc6 13. Rd1 Nxd4 14. Qxb7 c5 15. Bf4 Qd7 16. Qxd7 Nxd7 17. Nd5 Bd8 18. Bd6 Re8 {1-0 (31) Nepomniachtchi,I (2719)-Wang,H (2734) Almaty 2016}) 7. Bd3 Ng5 {[%cal Be4g5,Bg5h7,Bh7f6][%mdl 32]} 8. Nc3 Nc6 {White is slightly better.} 9. Be3 O-O 10. h4 Nh7 11. Qd2 Nf6 12. Bxh6 (12. Nd5 $14) 12... gxh6 $11 13. Qxh6 Nb4 $1 {[%cal Rb4d3]} 14. Qg5+ Kh8 15. Qh6+ Kg8 16. Bb1 {[#] aiming for Ng5.} Re8 $1 {White must now prevent ...Bf8+.} 17. Qg5+ $1 $40 {[%mdl 128] White mounts an attack.} Kf8 (17... Kh8 $11) 18. Qh6+ {[%mdl 1024] White has compensation.} Kg8 {Threatens to win with ...Bf8+.} 19. Qg5+ $1 Kf8 {[#] And now ...Ng4 would win.} 20. Qh6+ (20. Kf1 $1 $16 {Hoping for Qh6+.} Ng8 21. Qf4) 1/2-1/2

[Event "BL 2016-17"]
[Site "Germany"]
[Date "2017.04.08"]
[Round "11"]
[White "Van Foreest, Jorden"]
[Black "Ragger, Markus"]
[Result "1/2-1/2"]
[WhiteElo "2584"]
[BlackElo "2681"]
[Annotator "TA"]
[PlyCount "57"]
[EventDate "2017.??.??"]
[EventType "team-tourn"]
[EventCountry "GER"]
[SourceTitle "playchess.com"]
[Source "ChessBase"]
[SourceQuality "1"]
[WhiteTeam "Aufwärts Aachen"]
[BlackTeam "Solingen"]

{[%evp 7,57,5,7,0,0,0,0,0,0,0,0,0,0,0,0,-2,-23,-8,54,66,67,62,91,87,127,102,143,155,158,166,156,145,135,145,146,91,99,90,132,19,37,31,27,0,0,0,0,0,0,0,0,-59]} 1. d4 Nf6 2. Bf4 d5 3. Nf3 c5 4. e3 Nc6 5. Nbd2 {D02: 1 d4 d5 2 Nf3 sidelines, including 2...Nf6 3 g3 and 2...Nf6 3 Bf4} Qb6 {[%cal Rc5d4]} (5... e6 6. c3 cxd4 7. exd4 Nh5 8. Bg5 f6 9. Be3 Bd6 10. g3 O-O 11. Bg2 f5 12. Ne5 f4 13. Qxh5 fxe3 14. fxe3 Nxe5 15. dxe5 {½-½ (56) Giri,A (2771)-So,W (2794) London 2016}) 6. dxc5 Qxb2 7. Rb1 Qc3 8. Bb5 e6 9. O-O Be7 {[%cal Bf8e7,Be7d8,Bd8c7][%mdl 32]} 10. Ne5 Bd7 11. Nd3 $146 (11. Nxd7 Nxd7 12. e4 O-O 13. exd5 exd5 {½-½ (31) Cornette,M (2586)-Feuerstack,A (2449) chess.com INT 2017}) 11... O-O 12. Bc7 $36 {[%mdl 2048] Black is under pressure.} Ne8 (12... b6 $11) 13. Rb3 $14 Qf6 14. Bg3 Bd8 15. Ba4 Bc8 16. Nf3 Bc7 17. Bh4 Qh6 18. Bxc6 $1 bxc6 19. Be7 f6 {[#] Strongly threatening ...Rf7.} 20. Bxf8 Kxf8 21. Re1 (21. Nb4 $142) 21... e5 $16 22. e4 Be6 23. Rb7 ({Better is} 23. Qe2 $16) 23... dxe4 $1 $11 24. Rxe4 Bd5 25. Qe1 {And now Rg4 would win.} Qg6 {The position is equal.} 26. Re3 {Nb4 is the strong threat.} Bxf3 27. Rxf3 e4 $1 {[%cal Re4f3]} 28. Re3 exd3 29. cxd3 (29. Rxd3 $11 Qf5 30. g3) 1/2-1/2

[Event "BL 2016-17"]
[Site "Jenbach"]
[Date "2017.04.22"]
[Round "11"]
[White "Bindrich, Falko"]
[Black "Lenic, Luka"]
[Result "1/2-1/2"]
[WhiteElo "2582"]
[BlackElo "2640"]
[Annotator "TA"]
[PlyCount "64"]
[EventDate "2017.??.??"]
[EventCountry "AUT"]
[SourceTitle "playchess.com"]
[Source "ChessBase"]
[SourceQuality "1"]
[WhiteTeam "Hohenems"]
[BlackTeam "Feffernitz"]

{[%evp 23,64,17,30,10,19,7,21,14,10,14,4,0,0,0,0,0,0,0,0,0,11,9,10,16,25,6,6,0,18,-7,-7,-7,0,0,9,0,0,0,18,0,10,0,0]} 1. d4 Nf6 2. c4 e6 3. Nc3 Bb4 4. Qc2 d5 5. a3 Bxc3+ 6. Qxc3 Ne4 7. Qc2 c5 8. dxc5 Nc6 9. Nf3 Qa5+ 10. Bd2 {E37: Nimzo-Indian: Classical: 4...d5 5 a3 Bxc3+ 6 Qxc3 Ne4} Qxc5 11. e3 Nxd2 12. Nxd2 dxc4 {LiveBook: 18 Games} 13. Nxc4 {aiming for b4.} (13. Bxc4 O-O 14. b4 Qe7 15. Bd3 h6 16. Qc3 a6 17. O-O Bd7 {½-½ (26) Giri,A (2784)-Adams,M (2737) London 2015}) 13... Ne5 14. Rc1 {Strongly threatening b4.} Nxc4 15. Bxc4 O-O 16. Qe4 $146 (16. O-O Bd7 17. Qd2 {½-½ (17) Kiriakov,P (2495)-Kholmov,R (2445) Moscow 1995}) 16... Qb6 17. Bd3 {[%csl Gd3][%cal Re4h7] [#]} g6 18. Qe5 Bd7 19. O-O Bc6 20. b4 Rfd8 21. Bc4 Bd5 22. h4 Bxc4 23. Rxc4 Rd5 24. Qf6 Qd8 {The position is equal.} 25. Qf4 Qd6 26. Rc7 (26. Qxd6 $5 {feels hotter.} Rxd6 27. Rfc1 Rad8 28. Rc7 Rd1+ 29. Rxd1 Rxd1+ 30. Kh2) 26... Qxf4 27. exf4 $11 {[%mdl 4096] Endgame KRR-KRR} Rb8 28. Rfc1 Kf8 29. R1c5 Rd1+ 30. Kh2 Ke8 31. g4 Rd7 32. f5 exf5 1/2-1/2

[Event "BL 2016-17"]
[Site "Germany"]
[Date "2017.04.08"]
[Round "11"]
[White "Braun, Arik"]
[Black "Nikolic, Predrag"]
[Result "1-0"]
[WhiteElo "2581"]
[BlackElo "2609"]
[Annotator "TA"]
[PlyCount "109"]
[EventDate "2017.??.??"]
[EventType "team-tourn"]
[EventCountry "GER"]
[SourceTitle "playchess.com"]
[Source "ChessBase"]
[SourceQuality "1"]
[WhiteTeam "Aufwärts Aachen"]
[BlackTeam "Solingen"]

{[%evp 14,109,56,26,35,17,43,40,47,40,40,37,40,22,7,16,81,87,85,89,87,81,70,67,66,51,61,66,81,16,101,111,165,166,162,164,149,159,185,174,164,166,154,127,138,130,172,165,150,147,131,102,98,106,118,117,150,33,33,34,34,7,18,18,51,66,165,165,165,165,411,388,457,456,468,542,556,556,539,507,487,412,409,389,757,765,743,722,824,808,755,696,537,498,1313,1262,2719,982]} 1. e4 d6 2. d4 g6 3. Nf3 Nf6 4. Nc3 Bg7 5. h3 c6 6. Bd3 O-O 7. O-O b5 8. Be3 Nbd7 {B08: Pirc Defence: Classical System} (8... a6 9. Qd2 Nbd7 10. e5 dxe5 11. dxe5 Nd5 12. Bh6 Nc5 13. Bxg7 Kxg7 14. Rad1 Nxd3 15. Qxd3 Bf5 16. Qd2 {1-0 (47) Soto Hernandez,H (2434)-Fernandez Cardoso,A (2431) Havana 2017}) 9. Ne2 Nb6 10. b3 $146 (10. Qc1 Qc7 11. Bh6 a6 12. Ng3 e5 13. dxe5 dxe5 14. Bxg7 Kxg7 15. Qg5 {½-½ (58) Fuchs,J (2268)-Przezdziecka,M (2276) Guimaraes 2012}) 10... Nfd7 {White is slightly better.} 11. Qd2 Re8 12. Ng3 e5 13. a4 bxa4 14. bxa4 Nf8 (14... a5 $11 {keeps the balance.}) 15. dxe5 $16 dxe5 16. a5 Nbd7 17. Bc4 $36 {[%mdl 2048] White is really pushing.} Ne6 18. Rfd1 Bf8 19. Ng5 Nxg5 20. Bxg5 Qc7 21. Bh6 (21. Rab1 $16) 21... Rb8 (21... Bxh6 $11 22. Qxh6 Nf8) 22. Nf5 {[#] Bxf8 is the strong threat.} Nf6 ({Not} 22... gxf5 $2 23. Qg5+ Kh8 24. Bxf7 (24. Rxd7 Qxd7 25. Qf6+ Kg8 26. Qg5+ Kh8 27. Qf6+ Kg8 28. Qg5+ Kh8 $11) 24... Bxh6 25. Qxh6 $18) (22... Nc5 $16) 23. Nd6 $18 ({Resist} 23. Bxf8 $6 Rxf8 24. Qd6 Qxd6 25. Nxd6 Be6 $16) 23... Bxd6 24. Qxd6 Qxd6 25. Rxd6 Be6 26. Bxe6 Rxe6 27. Rxe6 fxe6 {[%mdl 4096] Endgame KRB-KRN} 28. Rd1 Rb5 29. a6 Kf7 30. Rd3 {Strongly threatening Rf3.} Ke7 31. Bg5 {And now Rf3 would win.} h6 32. Bxh6 {Black must now prevent Bg5.} Nxe4 33. Be3 Ra5 34. f3 Nf6 {[#]} 35. Bxa7 (35. Ra3 $1 $16 {[%cal Ra3a5]} Rxa3 36. Bc5+ Kf7 37. Bxa3) 35... Rxa6 $14 36. Bc5+ Kf7 37. Ba3 Ra4 38. Bb2 Rc4 39. Rc3 Rxc3 (39... Rb4 $14 40. Ba3 Rb6) 40. Bxc3 {KB-KN} Nd7 41. Kf2 g5 $2 (41... Ke7 42. Kg3 Kf7) 42. Ke3 $18 Kf6 43. Ba5 Kf5 44. g4+ Kg6 45. Ke4 Kg7 46. Bc7 Kf6 47. Bd8+ Kg6 48. Be7 Kh6 $2 (48... c5 49. Kd3 Nb6 50. Bxc5 Nd7) 49. Bd6 {White is clearly winning.} Kg6 50. Bxe5 Nb6 51. f4 {[%cal Bf3f4,Bf4g5][%mdl 32]} Nd5 52. Bd6 Nc3+ 53. Ke5 Ne2 (53... gxf4 $142 54. Kxf4 Nd5+ 55. Ke4 Kf6) 54. fxg5 Ng1 55. Bc5 (55. h4 $142 Ne2 56. Bc5) 1-0

[Event "BL 2016-17"]
[Site "Germany"]
[Date "2017.04.08"]
[Round "11"]
[White "Feller, Sebastien"]
[Black "Vocaturo, Daniele"]
[Result "1/2-1/2"]
[WhiteElo "2574"]
[BlackElo "2594"]
[Annotator "TA"]
[PlyCount "72"]
[EventDate "2017.??.??"]
[EventType "team-tourn"]
[EventCountry "GER"]
[SourceTitle "playchess.com"]
[Source "ChessBase"]
[SourceQuality "1"]
[WhiteTeam "Speyer-Schwegenheim"]
[BlackTeam "SF Berlin"]

{[%evp 8,72,12,0,0,14,0,-2,0,-14,0,0,2,0,8,4,0,-26,-20,-19,0,0,0,-35,-25,-20,-30,-62,-20,-72,-64,-108,-64,-83,-78,-75,-64,-84,-94,-72,-75,-91,-62,-108,-99,-90,-23,-48,-9,-57,-60,-58,-67,-82,-79,-89,-81,-85,-90,-82,0,0,0,-87,0,0,0]} 1. Nf3 c5 2. c4 Nc6 3. d4 cxd4 4. Nxd4 Nf6 5. g3 e5 {A31: Symmetrical English: 2 Nf3 Nf6 3 d4} 6. Nb5 Bb4+ 7. Bd2 a6 8. N5c3 (8. Bxb4 axb5 9. Bd6 Ne4 10. c5 Qa5+ 11. Nd2 Nxd6 12. cxd6 Qb4 13. Bg2 Qxb2 {0-1 (40) Fressinet,L (2672)-Vachier Lagrave,M (2804) Doha 2016}) 8... d5 9. cxd5 Nxd5 10. Bg2 Be6 11. O-O Nb6 {[%cal Bd5b6,Bb6c4,Bc4e3][%mdl 32]} 12. Na3 $146 (12. Na4 Be7 13. Nbc3 {½-½ (44) Iturrizaga Bonelli,E (2633)-Rodshtein,M (2673) Baku 2015}) 12... O-O $36 {[%mdl 2048] Black has the initiative.} 13. Nc2 Be7 14. Be3 Nc4 15. b3 Nxe3 16. Nxe3 Rc8 17. Ned5 Bb4 18. Rc1 (18. Na4 $11) 18... Ba3 $17 19. Rc2 Nd4 20. Rd2 Bxd5 21. Nxd5 Rc1 22. Qxc1 Bxc1 23. Rxc1 Qa5 24. Rcd1 h6 25. b4 Qa4 26. e3 Nc6 (26... Ne6 $17) 27. Rb1 $11 {[#] Hoping for Nc3.} Nd8 28. Ne7+ Kh8 29. Nf5 Nc6 30. b5 axb5 31. Nd6 Na5 32. Nxb5 Nc4 33. Rdd1 Nb2 (33... f5 $17) 34. Rd2 $1 Nc4 (34... Qxb5 $11 35. Rbxb2 (35. Rdxb2 Qc4 $11) 35... Qa5) 35. Rdd1 $1 $17 Nb2 ({Better is} 35... f5 $17 36. Bxb7 Rb8) 36. Rd2 $1 $11 Nc4 1/2-1/2